Approximating countable Markov chains /
Guardado en:
| Autor Principal: | |
|---|---|
| Formato: | Libro |
| Idioma: | English |
| Publicado: |
San Francisco :
Holden-Day,
c1972.
|
| Series: | Holden-Day series in probability and statistics
|
| Etiquetas: |
Agregar Etiqueta
Sin Etiquetas, Sea el primero en etiquetar este registro!
|
| LEADER | 00876nam a22002175a 4500 | ||
|---|---|---|---|
| 001 | MAT.inmabb002364 | ||
| 008 | 720728s1972####caua#####b####001#0#eng#d | ||
| 005 | 20130325183429.0 | ||
| 245 | 1 | 0 | |a Approximating countable Markov chains / |c David Freedman. |
| 260 | |a San Francisco : |b Holden-Day, |c c1972. | ||
| 300 | |a x, 140 p. : |b il. ; |c 24 cm. | ||
| 440 | 0 | |a Holden-Day series in probability and statistics | |
| 500 | |a Tercer libro de la trilogía del autor sobre cadenas de Markov. Títulos anteriores: "Markov chains", Holden-Day, San Francisco, 1971, y "Brownian motion and diffusion", Holden-Day, San Francisco, 1971. | ||
| 500 | |a "Revised printing". | ||
| 504 | |a Bibliografía: p. 131-136. | ||
| 510 | 4 | |a MR, |c 55 #1493 | |
| 020 | |a 081623034X | ||
| 100 | 1 | |a Freedman, David, |d 1938- | |
| 084 | |a 60Jxx |2 msc2000 | ||
| 010 | |a 76142943 | ||
| 859 | |h 60 |i F853a |p A-4046 |b BIB. MATEMATICA | ||
